000 00624nam a2200205 u 4500
005 20240228064207.0
008 150302s2005 r 000 0 eng d
020 _a8467508469
035 _aUPN01000202201
049 _aI
050 4 _aPQ6718 I9.7
_bA5.2
100 1 _aRius Camps, Roser,
_d1947-
_936109
245 1 0 _aAna no quiere crecer /
_cRoser Rius ; il. de Maria Rius ; tr. de Teresa Tellechea.
260 _aMadrid :
_bSM,
_c2005.
300 _a[24] p. :
_bil. col.
440 0 _aCuentos para sentir ;
_v4
650 4 _aCELOS EN NIÑOS
_96540
650 4 _aLibros y lectura para niños
_92290
905 _aInfantil
999 _c174302
_d174302